| 000 | 00334nam a2200145Ia 4500 | ||
|---|---|---|---|
| 008 | 230312s9999||||xx |||||||||||||| ||und|| | ||
| 020 | _a0-435-60311-6 | ||
| 082 |
_a611.018 _bFRE-A |
||
| 100 | _aFreeman | ||
| 245 | 0 | _aAtlas of Histology | |
| 260 |
_bFreeman _aUK _c1966 |
||
| 300 | _a140 | ||
| 650 |
_aMedical _vHistology |
||
| 942 | _cBK | ||
| 999 |
_c2158 _d2158 |
||